00477pab a2200157 454500008004000000100001900040245005600059260000900115300001100124362000800135650001500143773003400158909000900192999001500201952010300216180718b1987 xxu||||| |||| 00| 0 eng d aWillmott, Hugh aStudying managerial workbA critique and a proposal c1987 a249-70 aMay aExecutives aJournal of Management Studies a7900 c7900d7900 00104070aIIPAbIIPAd2018-07-19hVolume no: 24, Issue no: 3pAR7913r2018-07-19w2018-07-19yAR